000 00759nam a2200241Ia 4500
008 100315s9999 xx 000 0 und d
020 _a0070991081 
040 _cENGLISH 
082 _b7250 
_a005.133 
100 _a"Gottfried, Byron S. "
245 _aTheory and Problems of Programing with PASCAL
260 _aNEW DELHI 
_bMCGRAW-HILL  
_c1986 
300 _a407 
365 _eRupees 
_d
_b0.00 
366 _f
505 _gRamakant Amar Navghare 
530 _bDonated by RBI Library  
620 _a"Computer programing, Computer science. "
630 _aTheory and Problems of Programing with PASCAL
650 _aCOMPUTER PROGRAMMING 
730 _aTheory and Problems of Programing with PASCAL
942 _cBOOK
999 _c481985
_d481982